000 00615nas a2200217 4500
001 BR5600257
003 BR-BrBNA
005 20231205082003.0
007 ta
008 230509b bl.|||p| |||| 00| 00por d
040 _aBR-BrBNA
_bpor
_cBiblioteca Nacional de Agricultura
041 _a(Pt)
072 _aL73
100 1 _aCorrea, O.
245 1 _aEstudos sobre a hidatidose animal
650 _aHIDATIDOSE
650 _aOVINO
773 0 _tBoletim da Diretoria da Producao Animal (Brazil)
_x
_g(Jan-May 1956), v. 13(24) p. 57-61
_wBR5600257
909 _a202311
_bLúcia
_c55
_dLúcia Elande
942 _2AGRIS
_n0
_cANA
999 _c88355
_d88355